000 00954nam a22002897a 4500
003 CHAP
005 20220329135249.0
008 971013s r 00010 d
010 _a33484
011 _a34456
035 _a38572
040 _cCHAP
090 _aR-1668
100 0 0 _aMays, David A.
_973291
245 _aLime and fertilizer use in land reclamation in humid regions
500 _aSobretiro de: American Society of Agronomy. Reclamation of drastical by distrurbed lands. Madison, Wis., 1978, pp. 307-328
590 _aBATCH-UPD
_b10
_c20130110
_lUCH01
_h1432
590 _aBATCH-UPD
_b10
_c20130410
_lUCH01
_h0908
590 _aBATCH-UPD
_b10
_c20130914
_lUCH01
_h1358
590 _aCONVERSION
_b10
_c20130109
_lUCH01
_h1319
650 1 4 _aFertilizantes.
_940447
650 1 4 _aSuelos
_xAcidez.
_9110192
650 1 4 _aTierras
_xRecuperación de.
_9113120
901 _aBK
942 _cREIMP
949 _aR-1668
_bBC
_cR
_d-88130
_eTS1
_i38572
_si
999 _c33484
_d33484